| 000 | 00746nam a2200217 i 4500 | ||
|---|---|---|---|
| 001 | 108032 | ||
| 003 | ES-MaACL | ||
| 007 | t| | ||
| 008 | 070111s1956 sp ||||1| cat d | ||
| 080 | _a891.44-14"19" | ||
| 100 | 1 |
_aTagore, Rabindranath, _d1861-1941 _9109071 |
|
| 245 | 1 | 3 |
_aLa lluna nova / _cRabindranath Tagore; traducció de la versió anglesa de l'autor, per María de Quadras. |
| 250 | _a1ªed. | ||
| 260 |
_aBarcelona : _bEditorial Selecta, _c1956. |
||
| 300 |
_a230p., 1 f. de lám. : _bil. retr. ; _c14 cm. |
||
| 490 | 1 |
_aBiblioteca selecta universal ; _v20 |
|
| 700 | 1 |
_aQuadras, María de. _994477 |
|
| 830 | 0 |
_aBiblioteca selecta universal ; _v20 _9185512 |
|
| 852 |
_aES-MaACL _jE-3892 |
||
| 999 |
_c108032 _d108032 |
||